Place branding and competitiveness of capital Bratislava at tourist demand market

Význam značky mesta v súvislosti s konkurencieschopnosťou na trhu cestovného ruchu. Teoretické výsledky aplikované v praxi na príklade Bratislavy, hlavného mesta Slovenska. Výsledky sú založené na prieskume dvoch autorov - použitie dotazníka a analýza video klipov. Značka Bratislavy vo vzťahu ku kon...

Full description

Saved in:
Bibliographic Details
Main Author: Novacká, Ľudmila, 1953-
Format: Book Chapter
Language:English
Subjects:
Tags: Add Tag
No Tags, Be the first to tag this record!

MARC

LEADER 00000nla$a2200000$$$4500
001 0144501
005 20240502083334.0
041 0 |a eng 
044 |a HR 
245 1 0 |a Place branding and competitiveness of capital Bratislava at tourist demand market  |c Ľudmila Novacká 
520 |a Význam značky mesta v súvislosti s konkurencieschopnosťou na trhu cestovného ruchu. Teoretické výsledky aplikované v praxi na príklade Bratislavy, hlavného mesta Slovenska. Výsledky sú založené na prieskume dvoch autorov - použitie dotazníka a analýza video klipov. Značka Bratislavy vo vzťahu ku konkurencii. 
610 2 0 |a ruch cestovný 
610 2 0 |a mestá 
610 2 0 |a konkurencieschopnosť 
610 2 0 |a výskum 
610 2 0 |a Bratislava 
100 1 |a Novacká, Ľudmila, 1953-